000 00545nam a2200205Ia 4500
003 OSt
005 20220925204730.0
006 a|||||r|||| 00| 0
007 ta
008 220923b |||||||| |||| 00| 0 eng d
037 _cGeneral Book
040 _aRTL
_cRTL
_beng
041 _2eng
_aeng
082 _aE.236sN, L9.VAD
245 0 _aDISTRICT GAZETTEERS. Gujrat
_b Vadodara
260 _aGujrat
_bGovt. Press
_c1979
650 _aGAZETTEER
942 _hE.236sN, L9.VAD
_cGB
_2CC
999 _c550247
_d550247